000 00834cam a2200289 a 4500
001 56964034
003 OCoLC
005 20150408114102.0
008 041105s2005 enk f 001 0 eng
015 _aGBA480249
_2bnb
020 _a1412902657 (hbk.)
020 _a1412902665 (pbk.)
035 _a.b59848698
040 _aUKM
_cUKM
_dBAKER
_dBWKUK
042 _aukscp
049 _aOSUU
050 4 _aHF5718.3.
_b.B778 2005
082 0 4 _a808.066658
_222
_bB S W
100 1 _aBrown, Stephen,
_d1955-
_917798
245 1 0 _aWriting marketing :
_bliterary lessons from academic authorities /
_cStephen Brown.
260 _aLondon :
_bSAGE,
_c2005.
300 _a265 p. ;
_c24 cm.
504 _aIncludes bibliographical references and index.
650 0 _aBusiness writing.
_915117
650 0 _aMarketing.
942 _2ddc
_cBOOK
999 _c26207
_d260707